Systémy čiarového kódu

Salvato in:
Dettagli Bibliografici
Autore principale: Androvič, Alojz
Natura: Libro
Lingua:slovacco
Pubblicazione: Bratislava Slovenská technická knižnica 1990
Edizione:1. vyd.
Tags: Aggiungi Tag
Nessun Tag, puoi essere il primo ad aggiungerne!!

MARC

LEADER 00000nam a2200000 4500
001 c024627
005 20221215071603.9
041 0 |a slo 
044 |a SK 
245 1 0 |a Systémy čiarového kódu  |c Alojz Androvič 
250 |a 1. vyd. 
264 1 |a Bratislava  |b Slovenská technická knižnica  |c 1990 
300 |a 75 s. 
100 1 |a Androvič, Alojz